[Event "CZE-chT2C 2223"]
[Site "Czech Republic"]
[Date "2023.01.08"]
[Round "6.5"]
[White "Vlach, Karel"]
[Black "Crha, Josef"]
[Result "1-0"]
[WhiteElo "2082"]
[BlackElo "1990"]
[PlyCount "69"]
[EventDate "2022.10.16"]
[EventType "team-tourn"]
[EventRounds "11"]
[EventCountry "CZE"]
[SourceTitle "EXT 2024"]
[Source "ChessBase"]
[SourceDate "2023.10.10"]
[SourceVersion "1"]
[SourceVersionDate "2023.10.10"]
[SourceQuality "1"]
[WhiteTeam "Praha DDM"]
[BlackTeam "Mlada Boleslav"]
[WhiteTeamCountry "CZE"]
[BlackTeamCountry "CZE"]

1. c4 c6 2. Nf3 d5 3. Qc2 Nf6 4. g3 Nbd7 5. d4 e6 6. Bg2 Bd6 7. 0-0 0-0 8. Bf4 Qc7 9. e3 dxc4 10. Rd1 Bxf4 11. gxf4 b5 12. Nc3 Bb7 13. Kh1 a6 14. a4 Nb6 15. Rg1 b4 16. a5 Nbd5 17. Na4 Qxa5 18. Nc5 Qb5 19. Ne5 Bc8 20. Nxc4 Nd7 21. Nb3 Ra7 22. Be4 f5 23. Bf3 Rc7 24. Ra5 Qb8 25. Nc5 Nxc5 26. Rxc5 Bb7 27. Na5 Rfc8 28. Rc1 Ne7 29. Qb3 Kf7 30. Qxb4 Ba8 31. Qc3 g6 32. Nc4 Kf6 33. d5+ Kf7 34. d6 Nd5 35. dxc7 1-0

[Event "CZE-chT2C 2223"]
[Site "Czech Republic"]
[Date "2022.10.16"]
[Round "1.5"]
[White "Cernovsky, Jiri"]
[Black "Vlach, Karel"]
[Result "0-1"]
[WhiteElo "2037"]
[BlackElo "2082"]
[PlyCount "92"]
[EventDate "2022.10.16"]
[EventType "team-tourn"]
[EventRounds "11"]
[EventCountry "CZE"]
[SourceTitle "EXT 2024"]
[Source "ChessBase"]
[SourceDate "2023.10.10"]
[SourceVersion "1"]
[SourceVersionDate "2023.10.10"]
[SourceQuality "1"]
[WhiteTeam "Kutna Hora"]
[BlackTeam "Praha DDM"]
[WhiteTeamCountry "CZE"]
[BlackTeamCountry "CZE"]

1. e4 d6 2. d4 Nf6 3. Nc3 e5 4. dxe5 dxe5 5. Qxd8+ Kxd8 6. Bg5 Be6 7. 0-0-0+ Kc8 8. f3 a6 9. Nd5 Nbd7 10. Bc4 Nxd5 11. exd5 Bf5 12. Ne2 Bd6 13. Ng3 Bg6 14. Ne4 Nb6 15. Bb3 Nd7 16. c4 Bxe4 17. fxe4 b5 18. Be3 Nc5 19. Bxc5 Bxc5 20. Rd3 Kd7 21. Rf1 Ke7 22. cxb5 f6 23. Rg3 g6 24. Rc3 Bd6 25. bxa6 Rxa6 26. Rc6 Ra7 27. Rf3 Rb8 28. Rh3 Rh8 29. Bc4 Raa8 30. a3 f5 31. exf5 gxf5 32. b4 Rag8 33. Bf1 Rg4 34. Rc4 e4 35. g3 Kf6 36. Kd2 Ke5 37. Rh5 h6 38. Ke3 Rg5 39. Rh4 Kxd5 40. Rc3 h5 41. Be2 Ke5 42. Rf4 h4 43. g4 fxg4 44. Bxg4 Kd5 45. Rxe4 Re5 46. Be6+ Kxe6 0-1

[Event "CZE-chT1E 2122"]
[Site "Czech Republic"]
[Date "2021.12.12"]
[Round "5.2"]
[White "Vlach, Karel"]
[Black "Mrkus, Frantisek"]
[Result "1/2-1/2"]
[WhiteElo "2091"]
[BlackElo "2099"]
[PlyCount "91"]
[EventDate "2021.10.09"]
[EventType "team-tourn"]
[EventRounds "11"]
[EventCountry "CZE"]
[SourceTitle "EXT 2023"]
[Source "ChessBase"]
[SourceDate "2022.10.05"]
[SourceVersion "1"]
[SourceVersionDate "2022.10.05"]
[SourceQuality "1"]
[WhiteTeam "Vlcnov"]
[BlackTeam "Stare Mesto"]
[WhiteTeamCountry "CZE"]
[BlackTeamCountry "CZE"]

1. c4 Nf6 2. g3 c6 3. Bg2 d5 4. cxd5 cxd5 5. Nf3 Nc6 6. d4 e6 7. 0-0 Be7 8. a3 0-0 9. b4 a6 10. Nbd2 b5 11. Nb3 a5 12. Qc2 Qb6 13. Ne5 Nxe5 14. dxe5 a4 15. Nc5 Nd7 16. Nd3 Bb7 17. Be3 Qd8 18. Rfc1 Rc8 19. Bc5 Nxc5 20. bxc5 Qc7 21. Qb2 Bc6 22. Rab1 f6 23. Bh3 f5 24. Nb4 Qb7 25. Nxc6 Rxc6 26. Qxb5 Qxb5 27. Rxb5 Rfc8 28. Ra5 Bxc5 29. e3 Bxa3 30. Rxc6 Rxc6 31. Rxa4 Bb2 32. g4 fxg4 33. Bxg4 Bxe5 34. Ra7 Kf8 35. Kg2 Bf6 36. Kg3 Be7 37. Bh5 g6 38. Be2 Kf7 39. Ra6 Bd6+ 40. Kg2 Rxa6 41. Bxa6 Kf6 42. Bd3 h5 43. f4 g5 44. fxg5+ Kxg5 45. h3 e5 46. Ba6 1/2-1/2

[Event "CZE-chT2E 1819"]
[Site "Czech Republic"]
[Date "2018.12.02"]
[Round "4.7"]
[White "Vavruska, Antonin"]
[Black "Vlach, Karel"]
[Result "0-1"]
[WhiteElo "2042"]
[BlackElo "2097"]
[PlyCount "94"]
[EventDate "2018.10.14"]
[EventType "team-tourn"]
[EventRounds "11"]
[EventCountry "CZE"]
[SourceTitle "EXT 2022"]
[Source "ChessBase"]
[SourceDate "2021.10.06"]
[SourceVersion "1"]
[SourceVersionDate "2021.10.06"]
[SourceQuality "1"]
[WhiteTeam "Stare Mesto II"]
[BlackTeam "Vlcnov"]
[WhiteTeamCountry "CZE"]
[BlackTeamCountry "CZE"]

1. e4 d6 2. d4 Nf6 3. Nc3 e5 4. f4 exd4 5. Qxd4 Nc6 6. Bb5 Bd7 7. Qd1 a6 8. Bd3 g6 9. Nf3 Bg7 10. 0-0 Bg4 11. h3 Bxf3 12. Qxf3 Qd7 13. Be3 Ng8 14. Qf2 Nge7 15. f5 Be5 16. Rad1 0-0-0 17. Bc4 gxf5 18. exf5 Ng8 19. Ne4 Re8 20. c3 Nf6 21. Nd2 Rhg8 22. Bf4 Bxf4 23. Qxf4 Ne5 24. Bb3 Qc6 25. Nf3 Nh5 26. Qe3 Rg3 27. Bd5 Nxf3+ 28. Rxf3 Rxe3 29. Bxc6 bxc6 30. Rxg3 Rxg3 31. Kf2 c5 32. Re1 Kd7 33. Re4 Rd3 34. Rh4 Nf6 35. Ke2 Rg3 36. Kf2 Rg8 37. Ra4 h5 38. Rxa6 Rg5 39. Ra8 Rxf5+ 40. Ke2 Nd5 41. g3 Nb6 42. Rh8 c4 43. Ke3 Rg5 44. Kf3 Ra5 45. b4 Ra3 46. Rxh5 Rxc3+ 47. Kf4 Rd3 0-1

[Event "CZE-chT2E 1819"]
[Site "Czech Republic"]
[Date "2018.11.18"]
[Round "3.7"]
[White "Vlach, Karel"]
[Black "Sekanina, Jiri"]
[Result "1-0"]
[WhiteElo "2097"]
[BlackElo "2053"]
[PlyCount "79"]
[EventDate "2018.10.14"]
[EventType "team-tourn"]
[EventRounds "11"]
[EventCountry "CZE"]
[SourceTitle "EXT 2022"]
[Source "ChessBase"]
[SourceDate "2021.10.06"]
[SourceVersion "1"]
[SourceVersionDate "2021.10.06"]
[SourceQuality "1"]
[WhiteTeam "Vlcnov"]
[BlackTeam "Lipovec Garde"]
[WhiteTeamCountry "CZE"]
[BlackTeamCountry "CZE"]

1. d4 Nf6 2. Nf3 g6 3. g3 Bg7 4. Bg2 0-0 5. 0-0 d5 6. c4 dxc4 7. Na3 Na6 8. Nxc4 c5 9. dxc5 Be6 10. Ne3 Nxc5 11. Ng5 Bd7 12. Rb1 h6 13. Nf3 Bc6 14. Bd2 Rc8 15. Bc3 b6 16. Qxd8 Rfxd8 17. Rfd1 Be4 18. Rbc1 Ne6 19. Kf1 Rd7 20. Bh3 Rxd1+ 21. Rxd1 Rd8 22. Ke1 Rxd1+ 23. Kxd1 Bb1 24. Nd2 Ne4 25. Nxe4 Bxe4 26. Bxe6 fxe6 27. Bxg7 Kxg7 28. Kd2 Kf7 29. Kc3 Ke8 30. Kd4 Bb1 31. a3 Kd7 32. Ng4 h5 33. Ne5+ Kd6 34. h4 Bc2 35. e4 Bd1 36. Nxg6 Be2 37. Ne5 Bd1 38. f3 Be2 39. g4 Bxf3 40. g5 1-0

[Event "Rakovnik Regional-chT 1415"]
[Site "Rakovnik"]
[Date "2015.03.01"]
[Round "9.2"]
[White "Stluka, Petr"]
[Black "Vlach, Karel"]
[Result "1-0"]
[WhiteElo "2198"]
[BlackElo "2128"]
[PlyCount "113"]
[EventDate "2014.10.19"]
[EventType "team-tourn"]
[EventRounds "11"]
[EventCountry "CZE"]
[SourceTitle "EXT 2016"]
[Source "ChessBase"]
[SourceDate "2015.10.08"]
[SourceVersion "1"]
[SourceVersionDate "2015.10.08"]
[SourceQuality "1"]
[WhiteTeam "Pribram Pyrit"]
[BlackTeam "Uholicky"]
[WhiteTeamCountry "CZE"]
[BlackTeamCountry "CZE"]

1. Nf3 Nf6 2. g3 d6 3. d4 c6 4. Bg2 Nbd7 5. c4 e5 6. Nc3 Be7 7. e4 0-0 8. 0-0 Re8 9. d5 a6 10. Ne1 cxd5 11. cxd5 b5 12. Nd3 Nb6 13. a4 bxa4 14. Nxa4 Bd7 15. b3 Rc8 16. Bd2 Nxa4 17. bxa4 Qb6 18. Qb1 Qxb1 19. Rfxb1 Rc4 20. Rb4 Rec8 21. f3 h6 22. Bf1 Rc2 23. Be1 Bd8 24. Rb7 R2c7 25. Rxc7 Bxc7 26. a5 Ra8 27. Nb4 Bc8 28. Nc6 Kf8 29. Rc1 Ne8 30. Bb4 f6 31. f4 Kf7 32. f5 Bd7 33. Be2 g6 34. fxg6+ Kxg6 35. Kg2 Bxc6 36. Rxc6 Rb8 37. Bc3 Rb3 38. Bxa6 Ra3 39. Bb5 Bxa5 40. Bxa5 Rxa5 41. Rb6 Nc7 42. Bd7 Nxd5 43. exd5 Rxd5 44. Be8+ Kg5 45. h4+ Kg4 46. Rb4+ Kf5 47. Bf7 Rd2+ 48. Kf3 Rd3+ 49. Kf2 e4 50. Rb5+ d5 51. Rxd5+ Rxd5 52. Bxd5 Ke5 53. Bf7 Kd4 54. Bg6 Kd3 55. h5 Kd4 56. Ke2 Ke5 57. g4 1-0

[Event "Rakovnik Regional-chT 1415"]
[Site "Rakovnik"]
[Date "2015.02.15"]
[Round "8.2"]
[White "Vlach, Karel"]
[Black "Pycha, Patrik"]
[Result "1-0"]
[WhiteElo "2128"]
[BlackElo "2035"]
[PlyCount "47"]
[EventDate "2014.10.19"]
[EventType "team-tourn"]
[EventRounds "11"]
[EventCountry "CZE"]
[SourceTitle "EXT 2016"]
[Source "ChessBase"]
[SourceDate "2015.10.08"]
[SourceVersion "1"]
[SourceVersionDate "2015.10.08"]
[SourceQuality "1"]
[WhiteTeam "Uholicky"]
[BlackTeam "Vlasim II"]
[WhiteTeamCountry "CZE"]
[BlackTeamCountry "CZE"]

1. Nf3 Nf6 2. c4 e6 3. g3 b6 4. Bg2 Bb7 5. 0-0 Be7 6. d4 0-0 7. Nc3 Ne4 8. Qc2 Nxc3 9. bxc3 f5 10. a4 d6 11. Qb3 Nc6 12. a5 Rb8 13. axb6 axb6 14. c5 d5 15. cxb6 cxb6 16. Bf4 Na5 17. Rxa5 bxa5 18. Bxb8 Qxb8 19. Rb1 a4 20. Qxb7 Qxb7 21. Rxb7 Bd6 22. Ra7 a3 23. Ng5 Re8 24. Nxe6 1-0

[Event "CZE-chT2C 1415"]
[Site "Czech Republic"]
[Date "2015.01.11"]
[Round "5.3"]
[White "Haba, Zdenek"]
[Black "Vlach, Karel"]
[Result "1-0"]
[WhiteElo "2281"]
[BlackElo "2128"]
[PlyCount "75"]
[EventDate "2014.11.02"]
[EventType "team-tourn"]
[EventRounds "11"]
[EventCountry "CZE"]
[SourceTitle "EXT 2022"]
[Source "ChessBase"]
[SourceDate "2021.10.06"]
[SourceVersion "1"]
[SourceVersionDate "2021.10.06"]
[SourceQuality "1"]
[WhiteTeam "Jihlava Gordic"]
[BlackTeam "Praha Bohemians II"]
[WhiteTeamCountry "CZE"]
[BlackTeamCountry "CZE"]

1. d4 d6 2. c4 e5 3. d5 Nf6 4. Nc3 Bf5 5. Nf3 h6 6. g3 Nbd7 7. Bg2 a5 8. Qa4 Be7 9. Nd2 0-0 10. e4 Nc5 11. Qc2 Bd7 12. 0-0 c6 13. Nb3 Nxb3 14. Qxb3 Qc7 15. Be3 c5 16. a4 Qc8 17. f3 Ne8 18. f4 f5 19. fxe5 dxe5 20. exf5 Bxf5 21. Ne4 Nf6 22. Nxf6+ Rxf6 23. d6 Bxd6 24. Bxb7 Rb8 25. Bd5+ Kh8 26. Qc3 Rb4 27. Rf2 Qd7 28. b3 Be7 29. Re1 Qc7 30. Bd2 Bg6 31. Qxe5 Bd6 32. Qe3 Rxf2 33. Kxf2 Rb8 34. Kg2 Bc2 35. Qc3 Bxb3 36. Re6 Kh7 37. Qd3+ Kh8 38. Bc3 1-0

[Event "Rakovnik Regional-chT 1415"]
[Site "Rakovnik"]
[Date "2014.12.07"]
[Round "4.1"]
[White "Drabek, Vojtech"]
[Black "Vlach, Karel"]
[Result "1/2-1/2"]
[WhiteElo "2156"]
[BlackElo "2128"]
[PlyCount "130"]
[EventDate "2014.10.19"]
[EventType "team-tourn"]
[EventRounds "11"]
[EventCountry "CZE"]
[SourceTitle "EXT 2016"]
[Source "ChessBase"]
[SourceDate "2015.10.08"]
[SourceVersion "1"]
[SourceVersionDate "2015.10.08"]
[SourceQuality "1"]
[WhiteTeam "Neratovice II"]
[BlackTeam "Uholicky"]
[WhiteTeamCountry "CZE"]
[BlackTeamCountry "CZE"]

1. d4 d5 2. c4 e6 3. Nc3 Nf6 4. Bg5 Be7 5. cxd5 exd5 6. e3 c6 7. Bd3 Qb6 8. Qc2 Nbd7 9. Nge2 Nf8 10. 0-0 Ne6 11. Bh4 Bd7 12. a3 Qc7 13. b4 Ng4 14. Bg3 Bd6 15. Bxd6 Qxd6 16. Ng3 h5 17. Rfe1 h4 18. Nf1 h3 19. g3 Ng5 20. Qe2 Qf6 21. Nd2 Kf8 22. f4 Nh7 23. Nf3 Bf5 24. Ne5 Nxe5 25. fxe5 Qg6 26. Bxf5 Qxf5 27. Rf1 Qg6 28. e4 dxe4 29. Qxe4 Qxe4 30. Nxe4 Rd8 31. Nd6 Rd7 32. Rf4 Ng5 33. Raf1 g6 34. Rf6 Kg7 35. R1f2 Rf8 36. R6f4 Rfd8 37. Kf1 Rxd6 38. exd6 Rxd6 39. Rd2 Rd5 40. Rd3 a5 41. bxa5 Rxa5 42. d5 cxd5 43. Rfd4 Ra6 44. Rxd5 Ne6 45. Rb5 Rc6 46. Rb2 Rc1+ 47. Ke2 Nc5 48. Re3 f5 49. Re7+ Kh6 50. Rc7 Rh1 51. Ke3 Re1+ 52. Re2 Rc1 53. Kf3 b6 54. Rc6 Rc3+ 55. Re3 Rc2 56. g4 f4 57. Kxf4 Nd3+ 58. Rxd3 Rxc6 59. Kg3 Rc4 60. Rb3 b5 61. Kxh3 Rc2 62. Kg3 Rc4 63. h4 Ra4 64. Kf3 Rc4 65. Rd3 Ra4 1/2-1/2

[Event "Rakovnik Regional-chT 1415"]
[Site "Rakovnik"]
[Date "2014.11.09"]
[Round "2.2"]
[White "Postupa, Martin"]
[Black "Vlach, Karel"]
[Result "1-0"]
[WhiteElo "2060"]
[BlackElo "2128"]
[PlyCount "119"]
[EventDate "2014.10.19"]
[EventType "team-tourn"]
[EventRounds "11"]
[EventCountry "CZE"]
[SourceTitle "EXT 2016"]
[Source "ChessBase"]
[SourceDate "2015.10.08"]
[SourceVersion "1"]
[SourceVersionDate "2015.10.08"]
[SourceQuality "1"]
[WhiteTeam "Dobrovice"]
[BlackTeam "Uholicky"]
[WhiteTeamCountry "CZE"]
[BlackTeamCountry "CZE"]

1. e4 d6 2. Nc3 Nf6 3. g3 e5 4. Bg2 Bg4 5. Nge2 Nc6 6. h3 Be6 7. f4 g6 8. 0-0 h5 9. d4 exd4 10. Nxd4 Qd7 11. Nxc6 Qxc6 12. Be3 Qa6 13. Bd4 Bg7 14. f5 Bc4 15. Rf2 c5 16. Be3 gxf5 17. exf5 Nd7 18. Nd5 Bxd5 19. Qxd5 Be5 20. Re1 0-0-0 21. Bf4 Rh7 22. Bxe5 Nxe5 23. f6 Qc6 24. Qxe5 Qxg2+ 25. Kxg2 dxe5 26. Rxe5 b6 27. Re7 Kb8 28. Rfe2 Rd6 29. Rf2 a6 30. a4 Rd4 31. b3 Rd6 32. Kf1 Kc8 33. Ke2 Rd7 34. Re8+ Kc7 35. Ke3 Rh6 36. Ke4 Rg6 37. Rf3 Kc6 38. Rc8+ Kb7 39. Re8 Kc6 40. Rc8+ Kb7 41. Re8 Kc6 42. Re5 Rd4+ 43. Ke3 Rg8 44. Re4 Rd5 45. g4 Rh8 46. Kf4 hxg4 47. hxg4 Rh2 48. c4 Rd6 49. g5 Rg2 50. Rg3 Rf2+ 51. Kg4 Rd8 52. Rf4 Rh2 53. g6 fxg6 54. f7 Rf8 55. Kg5 Rd2 56. Kxg6 Rd7 57. Kg7 Rc8 58. Rg6+ Kc7 59. Rff6 Rb8 60. Rc6+ 1-0

[Event "Rakovnik Regional-chT 1415"]
[Site "Rakovnik"]
[Date "2014.10.19"]
[Round "1.1"]
[White "Meduna, Eduard"]
[Black "Vlach, Karel"]
[Result "1-0"]
[WhiteElo "2370"]
[BlackElo "2128"]
[PlyCount "61"]
[EventDate "2014.10.19"]
[EventType "team-tourn"]
[EventRounds "11"]
[EventCountry "CZE"]
[SourceTitle "EXT 2016"]
[Source "ChessBase"]
[SourceDate "2015.10.08"]
[SourceVersion "1"]
[SourceVersionDate "2015.10.08"]
[SourceQuality "1"]
[WhiteTeam "Lysa nad Labem IV"]
[BlackTeam "Uholicky"]
[WhiteTeamCountry "CZE"]
[BlackTeamCountry "CZE"]

1. d4 d5 2. Nf3 Nf6 3. c4 e6 4. Nc3 Be7 5. Bf4 0-0 6. e3 a6 7. c5 Nh5 8. Bd3 Nxf4 9. exf4 Nc6 10. a3 f5 11. 0-0 Bf6 12. Ne2 Bd7 13. Ne5 Qe7 14. Qd2 Kh8 15. b4 Rg8 16. a4 g5 17. b5 axb5 18. axb5 Rxa1 19. Rxa1 Nd8 20. Ra8 Be8 21. Qe3 Qg7 22. g3 Bh5 23. fxg5 Bxg5 24. Nf4 Qh6 25. Kf1 Be8 26. h4 Bxf4 27. Qxf4 Qf6 28. Be2 Qe7 29. Rc8 Rg7 30. h5 Qf6 31. Qh4 1-0

[Event "CZE-chT1E 1314"]
[Site "Czech Republic"]
[Date "2013.11.24"]
[Round "3.6"]
[White "Kubik, Michael"]
[Black "Vlach, Karel"]
[Result "1-0"]
[WhiteElo "2157"]
[BlackElo "2142"]
[PlyCount "23"]
[EventDate "2013.10.20"]
[EventType "team-tourn"]
[EventRounds "11"]
[EventCountry "CZE"]
[SourceTitle "EXT 2015"]
[Source "ChessBase"]
[SourceDate "2014.11.20"]
[SourceVersion "1"]
[SourceVersionDate "2014.11.20"]
[SourceQuality "1"]
[WhiteTeam "Frydek Mistek II"]
[BlackTeam "Zlin"]
[WhiteTeamCountry "CZE"]
[BlackTeamCountry "CZE"]

1. e4 c5 2. Nf3 Nf6 3. Nc3 d5 4. e5 Ne4 5. d4 Nxc3 6. bxc3 Nc6 7. Bd3 Bg4 8. 0-0 e6 9. Rb1 Rb8 10. Bd2 cxd4 11. cxd4 Nxd4 12. Nxd4 1-0

[Event "CZE-chT1E 1314"]
[Site "Czech Republic"]
[Date "2013.11.10"]
[Round "2.5"]
[White "Mojzis, Jaroslav"]
[Black "Vlach, Karel"]
[Result "1-0"]
[WhiteElo "2159"]
[BlackElo "2142"]
[PlyCount "54"]
[EventDate "2013.10.20"]
[EventType "team-tourn"]
[EventRounds "11"]
[EventCountry "CZE"]
[SourceTitle "EXT 2015"]
[Source "ChessBase"]
[SourceDate "2014.11.20"]
[SourceVersion "1"]
[SourceVersionDate "2014.11.20"]
[SourceQuality "1"]
[WhiteTeam "Polabiny"]
[BlackTeam "Zlin"]
[WhiteTeamCountry "CZE"]
[BlackTeamCountry "CZE"]

1. Nf3 Nf6 2. g3 d6 3. d4 g6 4. Bg2 Bg7 5. c4 0-0 6. Nc3 Nbd7 7. e4 e5 8. h3 exd4 9. Nxd4 Re8 10. 0-0 Nc5 11. Re1 a5 12. Qc2 Nfxe4 13. Nxe4 Bxd4 14. Bg5 Qd7 15. Nf6+ Bxf6 16. Bxf6 Re6 17. Bc3 Qe8 18. Bd5 Rxe1+ 19. Rxe1 Qf8 20. Qd2 Na4 21. Bf6 c6 22. Be7 Qg7 23. Bxd6 Bd7 24. Bxf7+ Qxf7 25. Re7 Re8 26. Rxf7 Kxf7 27. c5 b6 1-0

[Event "Prague Pankrac Cup"]
[Site "Prague"]
[Date "2012.10.23"]
[Round "7"]
[White "Vlach, Karel"]
[Black "Soural, Jan"]
[Result "1/2-1/2"]
[WhiteElo "2107"]
[BlackElo "2209"]
[PlyCount "132"]
[EventDate "2012.09.11"]
[EventType "swiss"]
[EventRounds "8"]
[EventCountry "CZE"]
[SourceTitle "EXT 2014"]
[Source "ChessBase"]
[SourceDate "2013.11.20"]
[SourceVersion "1"]
[SourceVersionDate "2013.11.20"]
[SourceQuality "1"]

1. d4 Nf6 2. Nf3 e6 3. g3 b6 4. Bg2 Bb7 5. 0-0 c5 6. c4 cxd4 7. Qxd4 d6 8. Nc3 a6 9. Be3 Nbd7 10. h3 Be7 11. Rfd1 0-0 12. Rac1 b5 13. cxb5 axb5 14. Nxb5 e5 15. Qc4 Qa5 16. Nxd6 Bd5 17. Rxd5 Nxd5 18. Nf5 Bf6 19. Bd2 Qxa2 20. Qg4 Kh8 21. Nxg7 Bxg7 22. Qxd7 Rad8 23. Qf5 Ne7 24. Qh5 f6 25. Bh6 Qxb2 26. Rc7 Qb1+ 27. Kh2 Nf5 28. Rc1 Nxg3 29. Bxg7+ Kxg7 30. Rc7+ Kh8 31. fxg3 Qg6 32. Qxg6 hxg6 33. Nh4 Rg8 34. Rf7 f5 35. g4 Rd2 36. Bf1 f4 37. Nf3 Rd1 38. Bg2 Re8 39. Ng5 Rd2 40. Ne4 Kg8 41. Rc7 Rxe2 42. Nf6+ Kf8 43. Nxe8 f3 44. Nd6 Rxg2+ 45. Kh1 Rg3 46. Ne4 Rxh3+ 47. Kg1 Rh4 48. Nf2 e4 49. Rc3 Kf7 50. Re3 Kf6 51. Rxe4 Kg5 52. Rd4 Rh8 53. Nd1 Rf8 54. Ne3 f2+ 55. Kg2 Rf7 56. Rd1 Kf4 57. Kxf2 Ke4+ 58. Ke2 Rh7 59. Rg1 Ra7 60. Rc1 Kf4 61. Rc4+ Kg3 62. Kd3 Rd7+ 63. Rd4 Ra7 64. Nc4 g5 65. Ke4 Kxg4 66. Ne5+ Kg3 1/2-1/2

[Event "Prague Pankrac Cup"]
[Site "Prague"]
[Date "2012.09.25"]
[Round "3"]
[White "Vlach, Karel"]
[Black "Vetrovsky, Michal"]
[Result "1/2-1/2"]
[WhiteElo "2107"]
[BlackElo "2236"]
[PlyCount "22"]
[EventDate "2012.09.11"]
[EventType "swiss"]
[EventRounds "8"]
[EventCountry "CZE"]
[SourceTitle "EXT 2014"]
[Source "ChessBase"]
[SourceDate "2013.11.20"]
[SourceVersion "1"]
[SourceVersionDate "2013.11.20"]
[SourceQuality "1"]

1. d4 Nf6 2. Nf3 e6 3. c4 d5 4. g3 Be7 5. Bg2 0-0 6. 0-0 Nbd7 7. Qc2 a6 8. Nbd2 c6 9. Re1 b5 10. b3 Bb7 11. Bb2 Rc8 1/2-1/2

[Event "Prague Pankrac Cup"]
[Site "Prague"]
[Date "2012.09.11"]
[Round "1"]
[White "Znamenacek, Kvetoslav"]
[Black "Vlach, Karel"]
[Result "1-0"]
[WhiteElo "2296"]
[BlackElo "2107"]
[PlyCount "117"]
[EventDate "2012.09.11"]
[EventType "swiss"]
[EventRounds "8"]
[EventCountry "CZE"]
[SourceTitle "EXT 2014"]
[Source "ChessBase"]
[SourceDate "2013.11.20"]
[SourceVersion "1"]
[SourceVersionDate "2013.11.20"]
[SourceQuality "1"]

1. Nf3 Nf6 2. c4 d6 3. d4 Nbd7 4. g3 e5 5. Bg2 Be7 6. Nc3 0-0 7. 0-0 Re8 8. h3 Bf8 9. b3 c6 10. e4 a6 11. Re1 Rb8 12. Be3 Qa5 13. Qc2 g6 14. a3 Bg7 15. b4 Qc7 16. Rac1 exd4 17. Nxd4 Ne5 18. Qe2 Qe7 19. f4 Ned7 20. Qd3 a5 21. Bf2 axb4 22. axb4 Ra8 23. Nc2 Rf8 24. Rcd1 Ne8 25. Bd4 Bxd4+ 26. Qxd4 Qf6 27. Qxf6 Ndxf6 28. b5 Be6 29. bxc6 bxc6 30. e5 dxe5 31. fxe5 Nh5 32. Bxc6 Rc8 33. Nd5 Kg7 34. Nd4 Bxh3 35. Rd3 Nc7 36. Kh2 Bg4 37. Re4 Bf5 38. Nxf5+ gxf5 39. Rh4 Nxd5 40. cxd5 Kg6 41. g4 Nf4 42. gxf5+ Kg5 43. Rxf4 Kxf4 44. e6 fxe6 45. fxe6 Rc7 46. Ba4 Re7 47. Bb3 Ke4 48. Rd2 Ke3 49. Rd1 Ke2 50. Rd4 Rf2+ 51. Kh1 Rb7 52. Bc4+ Ke3 53. Rd1 Rb4 54. e7 Rb8 55. Bb5 Kf4 56. e8Q Rxe8 57. Bxe8 Ke5 58. Bc6 Rb2 59. d6 1-0

[Event "CZE-chT2E 1112"]
[Site "Czech Republic"]
[Date "2012.02.05"]
[Round "7.2"]
[White "Symersky, Petr"]
[Black "Vlach, Karel"]
[Result "1-0"]
[WhiteElo "2143"]
[BlackElo "2183"]
[PlyCount "95"]
[EventDate "2011.10.09"]
[EventType "team-tourn"]
[EventRounds "11"]
[EventCountry "CZE"]
[SourceTitle "EXT 2013"]
[Source "ChessBase"]
[SourceDate "2012.11.22"]
[SourceVersion "1"]
[SourceVersionDate "2012.11.22"]
[SourceQuality "1"]
[WhiteTeam "Veseli nad Moravou"]
[BlackTeam "Zlin III"]
[WhiteTeamCountry "CZE"]
[BlackTeamCountry "CZE"]

1. d4 d6 2. Nf3 Nf6 3. g3 g6 4. Bg2 Bg7 5. 0-0 0-0 6. c4 Nbd7 7. Nc3 c6 8. e4 e5 9. h3 exd4 10. Nxd4 Re8 11. Re1 Qb6 12. Nc2 Qc7 13. Be3 b6 14. Qd2 Bb7 15. Rad1 Bf8 16. f4 Rad8 17. Qf2 Bg7 18. Nd4 a6 19. Qc2 Re7 20. Bf2 Rde8 21. Nb3 b5 22. c5 dxc5 23. Nxc5 Nxc5 24. Bxc5 Rd7 25. e5 Rxd1 26. Rxd1 Nd7 27. Ne4 Nxc5 28. Nxc5 Bc8 29. Rd6 Qa5 30. a3 Bf8 31. Rxc6 Qe1+ 32. Kh2 Bf5 33. Ne4 Rd8 34. Qc3 Qxc3 35. Nf6+ Kg7 36. Rxc3 Rd2 37. b4 Be7 38. g4 Bd3 39. Ne8+ Kg8 40. Kg3 Bc4 41. Nc7 a5 42. bxa5 Bc5 43. a6 Ra2 44. Bd5 Bd4 45. Bxc4 bxc4 46. Nb5 Bxc3 47. a7 Be1+ 48. Kf3 1-0

[Event "CZE-chT2E 1112"]
[Site "Czech Republic"]
[Date "2012.01.22"]
[Round "6.2"]
[White "Vlach, Karel"]
[Black "Zelenka, Milan"]
[Result "1-0"]
[WhiteElo "2183"]
[BlackElo "2153"]
[PlyCount "61"]
[EventDate "2011.10.09"]
[EventType "team-tourn"]
[EventRounds "11"]
[EventCountry "CZE"]
[SourceTitle "EXT 2013"]
[Source "ChessBase"]
[SourceDate "2012.11.22"]
[SourceVersion "1"]
[SourceVersionDate "2012.11.22"]
[SourceQuality "1"]
[WhiteTeam "Zlin III"]
[BlackTeam "Hostalkova"]
[WhiteTeamCountry "CZE"]
[BlackTeamCountry "CZE"]

1. c4 Nf6 2. Nf3 d6 3. g3 e5 4. Bg2 g6 5. Nc3 Bg7 6. 0-0 0-0 7. d4 Nbd7 8. e3 c6 9. a4 e4 10. Nd2 d5 11. a5 Re8 12. b4 Nf8 13. b5 Bg4 14. Qa4 Qd7 15. a6 cxb5 16. Qxb5 bxa6 17. Qxd7 Bxd7 18. cxd5 Bb5 19. Ncxe4 Nxe4 20. Nxe4 Bxf1 21. Kxf1 Nd7 22. Rxa6 Rec8 23. Ba3 Rc2 24. Nc5 Rb8 25. Be4 Nxc5 26. dxc5 Ra2 27. d6 Bb2 28. c6 Bxa3 29. Rxa3 Rxa3 30. c7 Rf8 31. d7 1-0

[Event "CZE-chT2E 1112"]
[Site "Czech Republic"]
[Date "2011.12.04"]
[Round "4.2"]
[White "Vlach, Karel"]
[Black "Mayer, Josef"]
[Result "1-0"]
[WhiteElo "2183"]
[BlackElo "2102"]
[PlyCount "71"]
[EventDate "2011.10.09"]
[EventType "team-tourn"]
[EventRounds "11"]
[EventCountry "CZE"]
[SourceTitle "EXT 2013"]
[Source "ChessBase"]
[SourceDate "2012.11.22"]
[SourceVersion "1"]
[SourceVersionDate "2012.11.22"]
[SourceQuality "1"]
[WhiteTeam "Zlin III"]
[BlackTeam "Prusanky Podluzan"]
[WhiteTeamCountry "CZE"]
[BlackTeamCountry "CZE"]

1. d4 Nf6 2. Nf3 g6 3. c4 Bg7 4. Nc3 d6 5. g3 0-0 6. Bg2 Nbd7 7. 0-0 e5 8. e3 c6 9. a4 Re8 10. a5 e4 11. Ng5 d5 12. cxd5 cxd5 13. Qb3 Nb8 14. f3 exf3 15. Bxf3 h6 16. Nxf7 Kxf7 17. Bxd5+ Kf8 18. a6 Nxa6 19. Rxa6 bxa6 20. Bxa8 Bh3 21. Bg2 Bxg2 22. Kxg2 Qa8+ 23. Qd5 Qd8 24. e4 Qxd5 25. Nxd5 Rxe4 26. Nxf6 Re2+ 27. Kh3 Bxf6 28. Rxf6+ Kg7 29. Rc6 g5 30. d5 Re5 31. d6 Rd5 32. Be3 Rd3 33. Bc5 Kg6 34. d7+ Kh5 35. Rd6 g4+ 36. Kg2 1-0